Fundamental Of Investments, Valuation and Management, (Record no. 5659)

MARC details
005 - DATE AND TIME OF LATEST TRANSACTION
control field 20250627134118.0
020 ## - INTERNATIONAL STANDARD BOOK NUMBER
International Standard Book Number 13: 978-0-07-282919-8
082 ## - DEWEY DECIMAL CLASSIFICATION NUMBER
Classification number 332.6 COR.
100 ## - MAIN ENTRY--PERSONAL NAME
Author name CORRADO, J. C.
245 ## - TITLE STATEMENT
Title Fundamental Of Investments, Valuation and Management,
250 ## - EDITION STATEMENT
Edition statement 3rd Ed.
260 ## - PUBLICATION, DISTRIBUTION, ETC.
Place of publication, distribution, etc. New York,
Name of publisher, distributor, etc. Mc Graw Hill Irwin,
Date of publication, distribution, etc. 2005.
300 ## - PHYSICAL DESCRIPTION
Extent xxxiv.; 682.; Ill.; picture,
Other physical details Index,
Dimensions 26cm.
700 ## - ADDED ENTRY--PERSONAL NAME
Other authors/Editors JORDAN, D. B.
942 ## - ADDED ENTRY ELEMENTS (KOHA)
Source of classification or shelving scheme Dewey Decimal Classification
Koha item type Books
Holdings
Date last seen Total checkouts Full call number Barcode Cost, replacement price Price effective from Koha item type Lost status Source of classification or shelving scheme Damaged status Not for loan Withdrawn status Home library Current library Shelving location Date acquired Cost, normal purchase price
06/27/2025   332.6COR DOM0002555 255000.00 06/27/2025 Books   Dewey Decimal Classification       CBE Dodoma CBE Dodoma General Collection 03/22/2009 85000.00